00751nam0a22001811 4500001001100000005001700011035002600028100004100054101000800095102000700103105001800110200028600128210007200414215002100486801001800507801002200525852002200547rc\277238720250806210728.0 a(NLR Aleph) 006898743 a20110915d1941 u y0rusy50 ca0 arus aRU ay z |||||1 aМатериалы по подготовке к сдаче норм "Готов к санитарной обороне" (ГСО)e1-й и 2-й профильfИспол. ком. союза о-в красного креста и красного полумесяца СССР aВологдаcОбл. ком. красного крестаd1941 a32 с.d16 см. 0aRUbNLRgpsbo 1aRUbELAR2rusmarc aNLRjВ40 Г-2/72